Court of Appeal Civil Appeal No.26 of 1999. (Record no. 4012)

MARC details
000 -LEADER
fixed length control field 00489nam a22001097a 4500
008 - FIXED-LENGTH DATA ELEMENTS--GENERAL INFORMATION
fixed length control field 110627t xxu||||| |||| 00| 0 eng d
010 ## - LIBRARY OF CONGRESS CONTROL NUMBER
LC control number CACA F-56
245 ## - TITLE STATEMENT
Title Court of Appeal Civil Appeal No.26 of 1999.
260 ## - PUBLICATION, DISTRIBUTION, ETC. (IMPRINT)
Date of publication, distribution, etc 1999
500 ## - GENERAL NOTE
General note Coram: L.E.M.Mukasa-Kikonyogo DCJ. ; A.E. Mpagi-Bahigeine, JA. ; S.G. Engwau, JA.
500 ## - GENERAL NOTE
General note Appeal from the judgment and order of the High Court of Uganda at Mbarara, Hon. Mr. V.F. Musoke-Kibuka dated the 3rd of December 1998 in the HCCS No. 11A of 1997

No items available.